000 00929cam a2200301 a 4500
001 1540944
003 LC
005 20160315141527.0
008 910108s1992 nyu 000 1 eng
010 _a 91000414
020 _c014794006995
040 _aDLC
_cDLC
_dDLC
_dOCoLC
_dDLC
043 _an-us-ct
050 0 0 _aPS 3570 .R9
_b.T875 1994
082 0 0 _aFIC
_bT78f 1992
100 1 _aTryon, Thomas.
_918648
245 1 0 _aIn the fire of spring /
_cThomas Tryon.
250 _a1st ed.
260 _aNew York :
_bIvy Books,
_c1994.
300 _a609 p. :
_c18 cm.
650 0 _aWomen abolitionists
_xFiction.
_918658
651 0 _aConnecticut
_xFiction.
_918659
655 7 _aHistorical fiction.
_2gsafd
_92926
906 _a7
_bcbc
_corignew
_d1
_eocip
_f19
_gy-gencatlg
942 _2lcc
_cBK
999 _c11022
_d11022